UM Logo

The mediating effect of organizational politics on the relationship between employee engagement and satisfaction in the selected higher education institution in digos city / (Record no. 20471)

MARC details
000 -LEADER
fixed length control field 00892nam a22001817a 4500
005 - DATE AND TIME OF LATEST TRANSACTION
control field 20250120145750.0
008 - FIXED-LENGTH DATA ELEMENTS--GENERAL INFORMATION
fixed length control field 240815b ||||| |||| 00| 0 eng d
082 ## - DEWEY DECIMAL CLASSIFICATION NUMBER
Edition number 2023
Classification number UT
100 ## - MAIN ENTRY--PERSONAL NAME
Personal name Anecito, Krystal S.
9 (RLIN) 57805
245 ## - TITLE STATEMENT
Title The mediating effect of organizational politics on the relationship between employee engagement and satisfaction in the selected higher education institution in digos city /
Statement of responsibility, etc. Krystal S. Anecito, Princess May S. Baylon, and Jenelyn B. Orbita
260 ## - PUBLICATION, DISTRIBUTION, ETC. (IMPRINT)
Place of publication, distribution, etc. Digos City :
Name of publisher, distributor, etc. UMDC,
Date of publication, distribution, etc. February 2023.
300 ## - PHYSICAL DESCRIPTION
Extent viii, 64 pages :
Dimensions 30 cm.
521 ## - TARGET AUDIENCE NOTE
Target audience note Human Resource Development International enchancing, performance, learning and integrity, vol. 23, no. 1, pages 46-65, February 2020.
650 ## - SUBJECT ADDED ENTRY--TOPICAL TERM
Topical term or geographic name as entry element Human Resources Management.
General subdivision Undergraduate Thesis.
9 (RLIN) 57539
700 ## - ADDED ENTRY--PERSONAL NAME
Personal name Baylon, Princess May S.
9 (RLIN) 57806
700 ## - ADDED ENTRY--PERSONAL NAME
Personal name Orbita, Jenelyn B.
9 (RLIN) 57807
942 ## - ADDED ENTRY ELEMENTS (KOHA)
Source of classification or shelving scheme Dewey Decimal Classification
Koha item type Undergraduate Thesis
Holdings
Withdrawn status Lost status Source of classification or shelving scheme Damaged status Not for loan Collection code Home library Current library Date acquired Total Checkouts Full call number Date last seen Price effective from Koha item type
    Dewey Decimal Classification     Undergraduate Theses UM Digos College - LIC UM Digos College - LIC 05/10/2024   UT 08/15/2024 08/15/2024 Undergraduate Thesis